[Event "GAMMA Reykjavik Open 2019"]
[Site "Reykjavik ISL"]
[Date "2019.04.10"]
[Round "4.56"]
[White "Petursson, Gudni"]
[Black "Omarsson, Adam"]
[Result "1-0"]
[WhiteElo "2020"]
[BlackElo "1144"]
[WhiteFideId "2301725"]
[BlackFideId "2311453"]
[EventDate "2019.04.08"]

1. c4 d6 2. g3 Nf6 3. Bg2 g6 4. Nc3 Bg7 5. d4 O-O 6. e4 Nbd7 7. Nge2 c5 8. O-O
cxd4 9. Nxd4 Ne5 10. b3 Rb8 11. Bb2 Qc7 12. Rc1 a6 13. h3 Qa5 14. Kh2 Bd7 15. f4
Neg4+ 16. hxg4 Nxg4+ 17. Kg1 Bxd4+ 18. Qxd4 Qh5 19. Rf3 Nh2 20. Kf2 Nxf3 21.
Bxf3 Qh2+ 22. Bg2 Bh3 23. Rg1 e5 24. fxe5 dxe5 25. Qxe5 Rbd8 26. Nd5 f6 27. Qf4
Rf7 28. Qh4 Rxd5 29. exd5 Re7 30. Qxh3 Re2+ 31. Kxe2 Qxg1 32. Qe6+ Kf8 33. Ba3+
Kg7 34. Qe7+ Kh6 35. Qe3+ 1-0

[Event "GAMMA Reykjavik Open 2019"]
[Site "Reykjavik ISL"]
[Date "2019.04.10"]
[Round "4.62"]
[White "Hosdurga, Chirag"]
[Black "Dougherty, Michael"]
[Result "1/2-1/2"]
[BlackTitle "FM"]
[WhiteElo "1941"]
[BlackElo "2183"]
[WhiteFideId "438189"]
[BlackFideId "2601559"]
[EventDate "2019.04.08"]

1. d4 g6 2. c4 Bg7 3. Nc3 c5 4. d5 d6 5. e4 Nf6 6. f4 O-O 7. Nf3 e6 8. dxe6 Bxe6
9. Bd3 Bg4 10. O-O Nc6 11. Be3 Re8 12. h3 Bxf3 13. Qxf3 Nd4 14. Qf2 a6 15. a4 b5
16. axb5 axb5 17. Rxa8 Qxa8 18. cxb5 Nd7 19. Kh1 Qb7 20. b4 Nb3 21. f5 Ne5 22.
Bb1 cxb4 23. Nd5 Na5 24. f6 Bf8 25. b6 b3 26. Qh4 Qa6 27. Rc1 Qe2 28. Re1 Qh5
29. Qg3 Nac4 30. Bf4 b2 31. Qb3 Qh4 32. Bg3 Qg5 33. Bxe5 Nxe5 34. Qxb2 Bh6 35.
Qc3 Nd7 36. b7 Nc5 37. Qb4 Rb8 38. Ne7+ Kh8 39. Qa5 Qd2 40. Qxd2 Bxd2 41. Rd1
Rxb7 42. Bc2 Bf4 43. Nc6 h5 44. Ne7 Be5 45. Nc6 Bf4 46. e5 Bxe5 47. Nxe5 dxe5
48. Rd5 Nd7 49. Rd6 Nc5 50. Rd5 Nd7 51. Rd6 Nc5 52. Rd5 1/2-1/2

[Event "GAMMA Reykjavik Open 2019"]
[Site "Reykjavik ISL"]
[Date "2019.04.10"]
[Round "4.63"]
[White "Ingvason, Johann"]
[Black "Byrne, Alex"]
[Result "1-0"]
[WhiteElo "2181"]
[BlackElo "1949"]
[WhiteFideId "2301431"]
[BlackFideId "2508788"]
[EventDate "2019.04.08"]

1. d4 Nf6 2. c4 e6 3. Nc3 Bb4 4. Qc2 d5 5. a3 Bxc3+ 6. bxc3 dxc4 7. e4 b5 8. a4
b4 9. Bxc4 a5 10. Nf3 Bb7 11. Bd3 Nc6 12. O-O bxc3 13. Qxc3 Nb4 14. Re1 O-O 15.
Bg5 c5 16. Rad1 cxd4 17. Qb3 h6 18. Bh4 Rc8 19. Bb1 Qc7 20. Rxd4 Qc3 21. Qd1 Ba6
22. Ne5 g5 23. Bg3 Nc2 24. Bxc2 Qxc2 25. f3 Nh5 26. Nd7 Rfe8 27. Be5 Re7 28. g4
Nf4 29. Nf6+ Kg7 30. Rd2 Qxd1 31. Rexd1 Ng6 32. Nd5+ Nxe5 33. Nxe7 Nxf3+ 34. Kf2
Nxd2 35. Nxc8 Nxe4+ 36. Ke3 Nc3 37. Rc1 Nd5+ 38. Kd4 Bxc8 39. Rxc8 Nb6 40. Rc5
Nxa4 41. Rb5 f5 42. Kc4 fxg4 43. Kb3 e5 44. Kxa4 Kf6 45. Rb6+ Kf5 46. Rxh6 e4
47. Kb3 g3 48. hxg3 Kg4 49. Rb6 Kf5 50. Ra6 e3 51. Kc2 Ke4 52. Rf6 a4 53. Kd1
Kd3 54. Ra6 e2+ 55. Ke1 Ke3 56. Rxa4 Kf3 57. Ra3+ 1-0

[Event "GAMMA Reykjavik Open 2019"]
[Site "Reykjavik ISL"]
[Date "2019.04.10"]
[Round "4.67"]
[White "Hentze, Jakob"]
[Black "Kreckovic, Milos"]
[Result "0-1"]
[WhiteElo "1878"]
[BlackElo "2168"]
[WhiteFideId "16249879"]
[BlackFideId "918709"]
[EventDate "2019.04.08"]

1. d4 Nf6 2. c4 e6 3. Nc3 Bb4 4. e3 Nc6 5. Bd2 d5 6. Qc2 O-O 7. Nf3 a6 8. Bd3 h6
9. O-O dxc4 10. Bxc4 Bd6 11. a3 e5 12. dxe5 Nxe5 13. Nxe5 Bxe5 14. f4 Bd6 15. e4
Bc5+ 16. Kh1 Ng4 17. f5 Nxh2 18. f6 Ng4 19. Rad1 Qd6 20. Rf4 Qe5 21. Qd3 Qh5+
22. Qh3 Nf2+ 0-1

[Event "GAMMA Reykjavik Open 2019"]
[Site "Reykjavik ISL"]
[Date "2019.04.10"]
[Round "4.68"]
[White "Agustsson, Hafsteinn"]
[Black "Giacomini, Hector"]
[Result "0-1"]
[WhiteElo "1842"]
[BlackElo "2167"]
[WhiteFideId "2302047"]
[BlackFideId "605352"]
[EventDate "2019.04.08"]

1. e4 c6 2. d4 d5 3. exd5 cxd5 4. Bd3 Nc6 5. c3 Nf6 6. Bf4 Bg4 7. Qb3 Qc8 8. Nd2
e6 9. Ngf3 Be7 10. O-O Bh5 11. Ne5 O-O 12. Rfe1 Bd6 13. Qc2 Qc7 14. Bg3 Rac8 15.
Rac1 a6 16. a4 Rfe8 17. Ndf3 Bg6 18. Nxg6 hxg6 19. Ne5 Bxe5 20. Bxe5 Nxe5 21.
dxe5 Nd7 22. Qe2 Nc5 23. Bc2 Qb6 24. Rb1 Nd7 25. h4 Rc4 26. h5 g5 27. Qd2 Qd8
28. g3 Qe7 29. Qe3 Nf8 30. Kg2 Rec8 31. Bb3 R4c6 32. Bc2 Rc4 33. Bb3 R4c7 34.
Bc2 f5 35. g4 fxg4 36. Qg3 d4 37. Qxg4 dxc3 38. bxc3 Rxc3 39. Bb3 R8c6 40. Rg1
Qf7 41. Kf1 Rb6 42. Ba2 Rc2 43. Qd4 Rxb1+ 44. Bxb1 Rc1+ 45. Kg2 Rxg1+ 46. Kxg1
Qxh5 47. Qd8 Qe2 48. Bg6 Qxe5 49. Qe8 Qf6 50. Be4 b6 51. Bd3 a5 52. Qb8 Qa1+ 53.
Kg2 Qxa4 54. Qxb6 Qg4+ 0-1

[Event "GAMMA Reykjavik Open 2019"]
[Site "Reykjavik ISL"]
[Date "2019.04.10"]
[Round "4.70"]
[White "Bjornsson, Tomas"]
[Black "Leosson, Atli Johann"]
[Result "1-0"]
[WhiteTitle "FM"]
[WhiteElo "2156"]
[BlackElo "1796"]
[WhiteFideId "2300303"]
[BlackFideId "2308533"]
[EventDate "2019.04.08"]

1. e4 e5 2. Nf3 Nc6 3. Bc4 Bc5 4. c3 Nf6 5. d3 d6 6. O-O h6 7. a4 a6 8. h3 O-O
9. Be3 Bxe3 10. fxe3 Be6 11. Nbd2 Bxc4 12. Nxc4 b5 13. Ncd2 d5 14. exd5 Qxd5 15.
d4 exd4 16. exd4 Rae8 17. axb5 axb5 18. Re1 Ne4 19. Nxe4 Rxe4 20. Rxe4 Qxe4 21.
Qd2 Rd8 22. Re1 Qf5 23. Qe2 b4 24. Qc4 Qd5 25. Qxd5 Rxd5 26. c4 Rd8 27. d5 Na5
28. Nd2 Kf8 29. Ra1 Nc6 30. Ra4 Nd4 31. Rxb4 c6 32. Rb7 cxd5 33. c5 Rc8 34. b4
Ne6 35. Kf2 Rc7 36. Rb6 Ke7 37. Nb3 Nd8 38. Nd4 g6 39. Ke3 Rb7 40. Nc6+ Kd7 41.
Nxd8 Rxb6 42. cxb6 Kxd8 43. Kd4 g5 44. Kxd5 f6 45. Ke6 f5 46. Kxf5 1-0

[Event "GAMMA Reykjavik Open 2019"]
[Site "Reykjavik ISL"]
[Date "2019.04.10"]
[Round "4.71"]
[White "Laustsen, Lars"]
[Black "Fridthjofsdottir, Sigurl. Regina"]
[Result "1-0"]
[WhiteElo "2155"]
[BlackElo "1699"]
[WhiteFideId "1407554"]
[BlackFideId "2300788"]
[EventDate "2019.04.08"]

1. d4 d5 2. c4 dxc4 3. e4 Nf6 4. e5 Nd5 5. Bxc4 e6 6. Nc3 c6 7. Nf3 Be7 8. O-O
O-O 9. Qe2 Nd7 10. Re1 Nxc3 11. bxc3 Nb6 12. Bd3 Qc7 13. Qe4 g6 14. Bh6 Re8 15.
Bg5 Bf8 16. Qh4 Nd5 17. c4 Nb4 18. Bb1 c5 19. a3 Nc6 20. dxc5 Ne7 21. Bh6 Nf5
22. Bxf5 exf5 23. Bxf8 Rxf8 24. Qh6 Be6 25. Ng5 Rfc8 26. Nxh7 1-0

[Event "GAMMA Reykjavik Open 2019"]
[Site "Reykjavik ISL"]
[Date "2019.04.10"]
[Round "4.72"]
[White "Opasiak, Dustin Tennessee"]
[Black "Abrahams, Daniel"]
[Result "0-1"]
[WhiteElo "1768"]
[BlackElo "2143"]
[WhiteFideId "24630217"]
[BlackFideId "2606879"]
[EventDate "2019.04.08"]

1. e4 c5 2. Nf3 e6 3. d3 b6 4. Nbd2 Bb7 5. g3 d6 6. Bg2 Nd7 7. O-O Be7 8. a4 Qc7
9. Qe2 Ngf6 10. Nc4 O-O 11. Bf4 e5 12. Bd2 Rfe8 13. Na3 d5 14. Nb5 Qb8 15. Nc3
a6 16. Ng5 h6 17. Nh3 Qd6 18. f4 dxe4 19. dxe4 exf4 20. gxf4 Bf8 21. Rad1 Qe6
22. e5 Bxg2 23. Qxg2 Nh7 24. f5 Qxe5 25. Bxh6 Ndf6 26. Rf3 Rad8 27. Rdf1 Kh8 28.
Ng5 Nxg5 29. Bxg5 Nd5 30. Bf4 Qxf5 31. Be3 Qg4 32. Rh3+ 0-1

[Event "GAMMA Reykjavik Open 2019"]
[Site "Reykjavik ISL"]
[Date "2019.04.10"]
[Round "4.73"]
[White "Gudmundsson, Gunnar Erik"]
[Black "Briem, Stephan"]
[Result "0-1"]
[WhiteElo "1765"]
[BlackElo "2138"]
[WhiteFideId "2314339"]
[BlackFideId "2312506"]
[EventDate "2019.04.08"]

1. d4 f5 2. c4 Nf6 3. g3 e6 4. Bg2 Be7 5. Nc3 O-O 6. Nf3 d6 7. O-O a5 8. b3 Ne4
9. Bb2 Nxc3 10. Bxc3 Bf6 11. Qd2 a4 12. b4 Qe8 13. Rfe1 Qg6 14. Qc2 Nc6 15. b5
Nd8 16. Rad1 Nf7 17. e4 e5 18. dxe5 dxe5 19. Nd2 f4 20. c5 h5 21. Nf1 h4 22. Rd3
Ng5 23. c6 bxc6 24. Bb4 Re8 25. Qxc6 Bh3 26. Bh1 Rad8 27. Red1 Bg4 28. f3 Bxf3
29. Bxf3 Nxf3+ 30. Kg2 Nd4 31. Qc4+ Kh8 32. Nd2 Qg4 33. Rf1 h3+ 34. Kh1 Qe2 35.
Rg1 f3 36. Rxd4 Rxd4 37. Qxe2 fxe2 38. a3 Red8 39. Nf3 Rd1 40. Re1 R8d3 41. Ng1
Rxe1 42. Bxe1 Rd1 43. Nf3 Bg5 44. Kg1 Be3+ 45. Kh1 Bf2 46. b6 Bxe1 47. bxc7 Bf2+
48. Ng1 Rxg1# 0-1

[Event "GAMMA Reykjavik Open 2019"]
[Site "Reykjavik ISL"]
[Date "2019.04.10"]
[Round "4.74"]
[White "Marttala, Thomas"]
[Black "Hjaltason, Elvar Orn"]
[Result "0-1"]
[WhiteElo "2131"]
[BlackElo "1664"]
[WhiteFideId "1701118"]
[BlackFideId "2315084"]
[EventDate "2019.04.08"]

1. e4 e6 2. d3 d5 3. Nd2 Nf6 4. Ngf3 c5 5. g3 Nc6 6. Bg2 b6 7. O-O h5 8. Qe2 Bb7
9. a3 Be7 10. Re1 Qc7 11. e5 Nd7 12. c4 d4 13. Rb1 O-O-O 14. b4 cxb4 15. axb4
Bxb4 16. Rxb4 Nxb4 17. Nxd4 Bxg2 18. Nb5 Qb8 19. Nd6+ Kc7 20. Kxg2 Rdf8 21. Nf3
Nc5 22. Rd1 Nbxd3 23. Qxd3 Nxd3 0-1

[Event "GAMMA Reykjavik Open 2019"]
[Site "Reykjavik ISL"]
[Date "2019.04.10"]
[Round "4.75"]
[White "Maroroa, Sue"]
[Black "Aasen, Joakim"]
[Result "1-0"]
[WhiteTitle "WIM"]
[WhiteElo "2128"]
[BlackElo "1645"]
[WhiteFideId "4301498"]
[BlackFideId "1539078"]
[EventDate "2019.04.08"]

1. e4 c5 2. Nf3 g6 3. c3 Bg7 4. d4 cxd4 5. cxd4 d5 6. e5 Bg4 7. Bb5+ Nc6 8. Nbd2
Nh6 9. O-O Nf5 10. h3 Bxf3 11. Nxf3 O-O 12. Bxc6 bxc6 13. Bf4 e6 14. Bg5 f6 15.
exf6 Bxf6 16. Bxf6 Qxf6 17. Rc1 Rfc8 18. Qa4 c5 19. Rxc5 Rxc5 20. dxc5 Qxb2 21.
Qc6 Rd8 22. Qxe6+ Kg7 23. g4 Nd4 24. Qe7+ Kh6 25. g5+ 1-0

[Event "GAMMA Reykjavik Open 2019"]
[Site "Reykjavik ISL"]
[Date "2019.04.10"]
[Round "4.76"]
[White "Muhr, Andreas"]
[Black "Baldursson, Hrannar"]
[Result "0-1"]
[WhiteElo "1686"]
[BlackElo "2122"]
[WhiteFideId "1619683"]
[BlackFideId "2301156"]
[EventDate "2019.04.08"]

1. Nf3 g6 2. h4 Nf6 3. d4 Bg7 4. Nbd2 d5 5. c4 c6 6. b4 Bf5 7. a4 Na6 8. Ba3 Ne4
9. h5 Nxd2 10. Qxd2 dxc4 11. hxg6 Bxg6 12. e4 b5 13. axb5 cxb5 14. Bb2 Qc8 15.
Rh4 Nc7 16. g3 Bf6 17. Bh3 Qb7 18. d5 Qb6 19. Bd4 Bxd4 20. Qxd4 Qxd4 21. Nxd4 a6
22. Nc6 f6 23. O-O-O Kf8 24. Rf4 Ne8 25. e5 Bd3 26. Re1 Rg8 27. Nxe7 Kxe7 28.
exf6+ Kd6 29. f7 Rf8 30. fxe8=N+ Raxe8 31. Rxe8 Rxe8 32. Be6 a5 33. bxa5 Ra8 34.
Rf7 Rxa5 35. Rd7+ Ke5 36. Bg8 c3 0-1

[Event "GAMMA Reykjavik Open 2019"]
[Site "Reykjavik ISL"]
[Date "2019.04.10"]
[Round "4.78"]
[White "Maxion, Dirk"]
[Black "Stuart, Brian"]
[Result "1-0"]
[WhiteTitle "FM"]
[WhiteElo "2110"]
[BlackElo "1636"]
[WhiteFideId "4601777"]
[BlackFideId "445053"]
[EventDate "2019.04.08"]

1. e4 c5 2. Nf3 d6 3. d4 cxd4 4. Nxd4 Nf6 5. Nc3 a6 6. Be3 e5 7. Nf3 Be7 8. Bc4
Qc7 9. Qe2 Nbd7 10. a4 b6 11. O-O O-O 12. Nh4 Nc5 13. Bg5 Be6 14. Nf5 Bxf5 15.
exf5 Qd8 16. Rfd1 Ra7 17. b4 Ncd7 18. Bxa6 Qa8 19. Nb5 1-0

[Event "GAMMA Reykjavik Open 2019"]
[Site "Reykjavik ISL"]
[Date "2019.04.10"]
[Round "4.81"]
[White "Birkisson, Bjorn Holm"]
[Black "Haile, Batel Goitom"]
[Result "1-0"]
[WhiteElo "2094"]
[BlackElo "1582"]
[WhiteFideId "2310600"]
[BlackFideId "2315190"]
[EventDate "2019.04.08"]

1. Nf3 Nf6 2. c4 c6 3. g3 g6 4. Bg2 Bg7 5. O-O O-O 6. d4 d5 7. Nc3 Re8 8. cxd5
cxd5 9. Ne5 Nc6 10. Nxc6 bxc6 11. Bf4 Nh5 12. Rc1 Nxf4 13. gxf4 Rb8 14. b3 Qd6
15. e3 Ba6 16. Re1 Bb5 17. Bf1 a5 18. Qd2 f5 19. Rc2 Qd7 20. Rec1 Bxf1 21. Kxf1
Qb7 22. Na4 Qb5+ 23. Qe2 Bf8 24. Rxc6 Qxe2+ 25. Kxe2 e6 26. Nc5 Bxc5 27. dxc5
Kf7 28. Ra6 Ra8 29. Rxa8 Rxa8 30. Kd3 Rc8 31. Kd4 Kf6 32. c6 Rc7 33. Kc5 Ke7 34.
a3 Rc8 35. b4 axb4 36. axb4 Ra8 37. b5 Rb8 38. c7 Rc8 39. Kc6 h5 40. b6 h4 41.
b7 1-0

[Event "GAMMA Reykjavik Open 2019"]
[Site "Reykjavik ISL"]
[Date "2019.04.10"]
[Round "4.87"]
[White "Steingrimsson, Karl Egill"]
[Black "Kristjansson, Olafur"]
[Result "0-1"]
[WhiteElo "1633"]
[BlackElo "2078"]
[WhiteFideId "2304791"]
[BlackFideId "2300656"]
[EventDate "2019.04.08"]

1. d4 Nf6 2. Nf3 g6 3. g3 Bg7 4. Bg2 O-O 5. O-O d6 6. Re1 Nbd7 7. e4 e5 8. dxe5
dxe5 9. c3 Re8 10. Qc2 Nc5 11. Rd1 Qe7 12. Nfd2 Rd8 13. b4 Nd3 14. Nf3 Nxc1 15.
Rxc1 a5 16. Nbd2 Bh6 17. Rd1 Be6 18. Nxe5 axb4 19. Nd3 0-1

[Event "GAMMA Reykjavik Open 2019"]
[Site "Reykjavik ISL"]
[Date "2019.04.10"]
[Round "4.88"]
[White "Aasen, Fredrik"]
[Black "Larson, Gerald"]
[Result "0-1"]
[WhiteElo "1596"]
[BlackElo "2038"]
[WhiteFideId "1539060"]
[BlackFideId "2018756"]
[EventDate "2019.04.08"]

1. c4 c5 2. g3 Nc6 3. Bg2 Nf6 4. Nc3 g6 5. a3 Rb8 6. Rb1 a6 7. b4 cxb4 8. axb4
b5 9. cxb5 axb5 10. d4 d5 11. Bf4 Rb6 12. Be5 e6 13. e3 Bxb4 14. Ne2 O-O 15. O-O
Nd7 16. g4 Ndxe5 17. dxe5 Bxc3 18. Nxc3 Nxe5 19. f4 Nc6 20. Qf3 b4 21. Ne2 Ba6
22. Rfe1 Bd3 23. Rb2 Na5 24. Nc1 Be4 25. Qg3 Bxg2 26. Qxg2 b3 27. f5 Qg5 28.
fxg6 fxg6 29. Qg3 Qf6 30. Qg2 Qc3 31. Qe2 Nc4 32. Rb1 Nd2 33. Rxb3 Rxb3 34. Nxb3
Nf3+ 0-1

[Event "GAMMA Reykjavik Open 2019"]
[Site "Reykjavik ISL"]
[Date "2019.04.10"]
[Round "4.89"]
[White "Abbas, Ahmed C"]
[Black "Savage, Allan"]
[Result "0-1"]
[BlackTitle "FM"]
[WhiteElo "1561"]
[BlackElo "2021"]
[WhiteFideId "423823"]
[BlackFideId "2002221"]
[EventDate "2019.04.08"]

1. e4 e6 2. d3 d5 3. Nd2 c5 4. Ngf3 Nc6 5. g3 g6 6. Bg2 Bg7 7. O-O Nge7 8. c3
O-O 9. Re1 b6 10. Nf1 Bb7 11. h4 b5 12. N1h2 b4 13. e5 h6 14. Bd2 Ba6 15. Bf1
bxc3 16. bxc3 Rb8 17. d4 Bxf1 18. Nxf1 Qb6 19. Qc1 Kh7 20. Qa3 cxd4 21. cxd4 Nf5
22. Rab1 Qxb1 23. Rxb1 Rxb1 24. Kg2 Rfb8 25. Ne3 Bf8 26. Qd3 Nxe3+ 27. Qxe3 R8b7
28. Nh2 Ne7 29. g4 R1b2 30. Qf4 Ng8 31. Nf3 Rxa2 32. Ne1 Ra3 33. Nc2 Rd3 34. Ne1
Ra3 35. Be3 a5 36. Qf3 a4 37. Qd1 Rab3 38. Nd3 a3 39. h5 a2 40. hxg6+ fxg6 41.
Nf4 Rb1 42. Qd3 Rg1+ 43. Kxg1 a1=Q+ 44. Kg2 Qb1 45. Qa6 Qb6 46. Qd3 Qb1 47. Qa6
Qb6 48. Qd3 Ne7 49. Nh5 Qb1 50. Nf6+ Kh8 51. Qa6 Qb6 52. Qa8 Rb8 53. Qa4 Qc6 54.
Qd1 Ng8 55. g5 Nxf6 56. gxf6 Qd7 57. Qg4 Kh7 58. Qd1 Qf7 59. Qc2 Rb4 60. Qc8 Rc4
61. Qb8 g5 62. Qb1+ Qg6 63. Qb7+ Kg8 64. Qb6 Qf5 65. Kg3 Rb4 66. Qa6 Rb1 67. Kh2
Qg4 0-1

[Event "GAMMA Reykjavik Open 2019"]
[Site "Reykjavik ISL"]
[Date "2019.04.10"]
[Round "4.90"]
[White "Signyjarson, Arnar Smari"]
[Black "Andersson, Lars"]
[Result "0-1"]
[WhiteElo "1522"]
[BlackElo "2012"]
[WhiteFideId "2316340"]
[BlackFideId "1706772"]
[EventDate "2019.04.08"]

1. e4 c6 2. Nc3 d5 3. Nf3 Bg4 4. h3 Bxf3 5. Qxf3 Nf6 6. e5 Nfd7 7. d4 e6 8. a3
c5 9. dxc5 Nxe5 10. Qg3 Nbd7 11. Bb5 Nc6 12. b4 g6 13. O-O Bg7 14. Bg5 Qb8 15.
Qd3 O-O 16. Rad1 Qe5 17. Bd2 Qf5 18. Qxf5 gxf5 19. f4 Nf6 20. Ne2 Ne4 21. c3
Rfd8 22. Bxc6 bxc6 23. Nd4 Rdc8 24. Be1 a5 25. Rf3 Ra6 26. g4 fxg4 27. hxg4 Rca8
28. f5 e5 29. b5 exd4 30. bxa6 dxc3 31. f6 Bxf6 32. Rxf6 Nxf6 33. Bxc3 Ne4 34.
Bxa5 Nxc5 35. a7 Nd7 36. Rc1 c5 37. Re1 Rxa7 38. Re7 Rxa5 39. Rxd7 c4 40. Kf1
Kg7 41. Ke2 Kf6 42. g5+ Ke6 43. Rd8 Rxa3 44. Rh8 Rg3 45. Rxh7 Rxg5 46. Rh3 d4
47. Rf3 f5 48. Ke1 Ke5 49. Ke2 Ke4 50. Rf2 f4 51. Kd2 f3 52. Rf1 Rg2+ 53. Kd1
Ke3 0-1

[Event "GAMMA Reykjavik Open 2019"]
[Site "Reykjavik ISL"]
[Date "2019.04.10"]
[Round "4.91"]
[White "Schultze, Joerg-Martin"]
[Black "Hrafnsson, Hreinn"]
[Result "1/2-1/2"]
[WhiteElo "2000"]
[BlackElo "1659"]
[WhiteFideId "12972070"]
[BlackFideId "2304686"]
[EventDate "2019.04.08"]

1. d4 Nf6 2. c4 e6 3. Nc3 d5 4. cxd5 exd5 5. Bg5 Nbd7 6. e3 c6 7. Bd3 Be7 8. Qc2
O-O 9. Nge2 h6 10. Bh4 Re8 11. O-O Nh5 12. Bxe7 Qxe7 13. Rab1 Nhf6 14. Ng3 Nf8
15. b4 a6 16. a4 b5 17. Rfe1 Qe6 18. e4 Nxe4 19. Bxe4 dxe4 20. Ncxe4 Qd7 21. Nh5
Qf5 22. Nhg3 Qd7 23. Nh5 Qf5 24. Nhg3 Qd7 25. Nh5 1/2-1/2

[Event "GAMMA Reykjavik Open 2019"]
[Site "Reykjavik ISL"]
[Date "2019.04.10"]
[Round "4.92"]
[White "Jonasson, Hordur"]
[Black "Mujacic, Haris"]
[Result "1-0"]
[WhiteElo "1518"]
[BlackElo "1992"]
[WhiteFideId "2311224"]
[BlackFideId "14408139"]
[EventDate "2019.04.08"]

1. e4 d5 2. exd5 Nf6 3. Nc3 Nxd5 4. Nxd5 Qxd5 5. d4 Nc6 6. c3 Bf5 7. Bf4 O-O-O
8. Nf3 Qe4+ 9. Be3 f6 10. Nd2 Qc2 11. Qxc2 Bxc2 12. Bb5 Nb8 13. Bc4 Bf5 14.
O-O-O Nd7 15. f3 e5 16. g4 Bg6 17. Be6 Kb8 18. Nc4 exd4 19. Rxd4 Be8 20. Rhd1
Bc5 21. R4d2 Bxe3 22. Nxe3 Kc8 23. Nf5 c6 24. Nd6+ Kb8 25. Nxe8 Rdxe8 26. Bxd7
Re3 27. Rd3 Re2 28. R1d2 Re1+ 29. Kc2 h5 30. Bf5 hxg4 31. fxg4 Rh6 32. Rd8+ Kc7
33. Rg8 g5 34. a4 Rh1 35. a5 c5 36. Rg7+ Kc6 37. Be4+ Kb5 38. Bxh1 1-0

[Event "GAMMA Reykjavik Open 2019"]
[Site "Reykjavik ISL"]
[Date "2019.04.10"]
[Round "4.93"]
[White "Sigurbjornsson, Sigurjon"]
[Black "Melega, Michele"]
[Result "1-0"]
[WhiteElo "1986"]
[BlackElo "1631"]
[WhiteFideId "2302888"]
[BlackFideId "857742"]
[EventDate "2019.04.08"]

1. d4 f5 2. Nc3 Nf6 3. Bg5 e6 4. e4 Be7 5. e5 Nd5 6. Bxe7 Qxe7 7. Nxd5 exd5 8.
c3 O-O 9. f4 d6 10. Nf3 dxe5 11. fxe5 c5 12. Qd2 Nc6 13. Bd3 cxd4 14. cxd4 Be6
15. O-O Rac8 16. Rac1 Qb4 17. Qxb4 Nxb4 18. Bb1 Rxc1 19. Rxc1 Rc8 20. Rc3 Nc6
21. Kf2 a6 22. h4 Kf7 23. Ke3 g6 24. a3 a5 25. Bd3 Ke7 26. g3 Kd8 27. Rc5 b6 28.
Rc3 Ne7 29. Kf4 Rxc3 30. bxc3 Kc7 31. Nd2 Kd8 32. c4 Kc7 33. cxd5 Nxd5+ 34. Kf3
Kc6 35. Nc4 Nc7 36. Ke3 Nd5+ 37. Kd2 Nc7 38. Ne3 b5 39. h5 b4 40. hxg6 Ne8 41.
Nxf5 Bxf5 42. Bxf5 Ng7 43. Be4+ Kd7 44. Kd3 Ke7 45. g4 Nf5 46. Bxf5 1-0

[Event "GAMMA Reykjavik Open 2019"]
[Site "Reykjavik ISL"]
[Date "2019.04.10"]
[Round "4.95"]
[White "Feuerstein, Mario"]
[Black "Seshadri, Sridhar"]
[Result "1/2-1/2"]
[WhiteElo "1833"]
[BlackElo "1603"]
[WhiteFideId "356284785"]
[BlackFideId "30913942"]
[EventDate "2019.04.08"]

1. c4 Nf6 2. Nc3 c6 3. g3 e6 4. e4 d6 5. d4 h6 6. Bg2 Be7 7. Nf3 Na6 8. O-O O-O
9. a3 Nd7 10. b4 e5 11. d5 Nf6 12. h3 cxd5 13. cxd5 Bd7 14. Be3 Rc8 15. Rc1 b6
16. Qd3 Nc7 17. Rc2 Nb5 18. Nb1 Rxc2 19. Qxc2 Qc8 20. Qd3 Qb7 21. a4 Nc7 22. Nc3
b5 23. a5 Na6 24. Na2 Rc8 25. Rc1 Rxc1+ 26. Bxc1 Nc7 27. Qc2 a6 28. Be3 Na8 29.
Ne1 Qc8 30. Qxc8+ Bxc8 31. Nd3 Nd7 32. f4 f6 33. Nc3 Nf8 34. f5 Bd7 35. Bf3 Be8
36. g4 Kh7 37. Kg2 Kh8 38. Kg3 Nh7 39. h4 Bd7 40. Nf2 Nc7 41. Bb6 Na8 42. Ba7
Bd8 43. Be2 Kg8 44. Nh3 Kf8 45. Nb1 Ke7 46. Nd2 Ke8 47. Bb8 Bc7 48. Bxc7 Nxc7
49. Nf3 Ke7 50. g5 hxg5 51. hxg5 Bxf5 52. exf5 Nxd5 53. g6 Nf8 54. Nf2 Nxb4 55.
Ne4 Nc6 56. Bxb5 axb5 57. a6 Nd7 58. Kf2 Ndb8 59. Ng3 Nxa6 60. Nh4 Kf8 61. Ke3
b4 62. Kd2 Nc5 63. Ne2 Nd4 64. Ng3 b3 65. Kc1 e4 66. Kb2 Na4+ 67. Kb1 d5 68. Ng2
Nc3+ 69. Kc1 Nce2+ 70. Nxe2 Nxe2+ 71. Kb2 Nd4 72. Ne3 Ke7 1/2-1/2

[Event "GAMMA Reykjavik Open 2019"]
[Site "Reykjavik ISL"]
[Date "2019.04.10"]
[Round "4.97"]
[White "Finnsson, Johann Arnar"]
[Black "Sigurvaldason, Hjalmar"]
[Result "1-0"]
[WhiteElo "1776"]
[BlackElo "1467"]
[WhiteFideId "2308240"]
[BlackFideId "2306018"]
[EventDate "2019.04.08"]

1. e4 d6 2. d4 Nf6 3. Nc3 e5 4. dxe5 dxe5 5. Qxd8+ Kxd8 6. Bg5 Be7 7. O-O-O+ Ke8
8. Nf3 Bg4 9. Rd2 Bxf3 10. gxf3 a6 11. Bh3 Nc6 12. f4 Bd6 13. Bxf6 gxf6 14. Nd5
exf4 15. Nxf6+ Ke7 16. Nd5+ Kf8 17. Rd3 Ne5 18. Rb3 b5 19. Nxf4 Ng6 20. Ne2 Nf4
21. Nxf4 Bxf4+ 22. Kb1 Ke7 23. Rd3 Rad8 24. Bf5 Rxd3 25. cxd3 Kd6 26. Rg1 Be5
27. h3 h6 28. Rg4 a5 29. f4 Bd4 30. e5+ Kc5 31. Rg7 c6 32. Rxf7 Rg8 33. Be4 Rg1+
34. Kc2 Rf1 35. Rf6 Rf2+ 36. Kd1 Kb4 37. Rxc6 Rxb2 38. e6 Bc5 39. Rxc5 Kxc5 40.
e7 Kb4 41. e8=Q Rxa2 42. Bc6 a4 43. Bxb5 a3 44. Bc4 Ra1+ 45. Kc2 a2 46. Qb5+ 1-0

[Event "GAMMA Reykjavik Open 2019"]
[Site "Reykjavik ISL"]
[Date "2019.04.10"]
[Round "4.98"]
[White "Jonsson, Kristjan Dagur"]
[Black "Halldorsson, Hjorleifur"]
[Result "1/2-1/2"]
[WhiteElo "1487"]
[BlackElo "1773"]
[WhiteFideId "2313413"]
[BlackFideId "2303647"]
[EventDate "2019.04.08"]

1. e4 Nc6 2. Nf3 d6 3. d4 e6 4. Bd3 g6 5. Bg5 f6 6. Be3 Nh6 7. Nc3 Nf7 8. Qd2
Bg7 9. O-O-O h6 10. h4 e5 11. d5 Ne7 12. Rdg1 b5 13. g4 Bd7 14. h5 g5 15. Ne2 1/2-1/2

[Event "GAMMA Reykjavik Open 2019"]
[Site "Reykjavik ISL"]
[Date "2019.04.10"]
[Round "4.99"]
[White "Jonsson, Olafur Gisli"]
[Black "Sigfusson, Ottar Orn Bergmann"]
[Result "1-0"]
[WhiteElo "1773"]
[BlackElo "1434"]
[WhiteFideId "2302705"]
[BlackFideId "2313057"]
[EventDate "2019.04.08"]

1. e4 e6 2. d4 d5 3. Nd2 Nf6 4. e5 Nfd7 5. Bd3 c5 6. c3 Nc6 7. Ne2 Qb6 8. Nf3 f6
9. exf6 Nxf6 10. O-O Bd6 11. Ng3 Bd7 12. Re1 O-O 13. h3 Bxg3 14. fxg3 cxd4 15.
cxd4 Rae8 16. Kh2 Nh5 17. Ne5 Nf6 18. Nxc6 bxc6 19. b3 g6 20. Ba3 Rf7 21. Bc5
Qc7 22. Qc2 Qb8 23. Re5 Rg7 24. Rf1 Qd8 25. Re3 Nh5 26. Ref3 Rge7 27. Bxg6 1-0